The religions of the oppressed ; a study of modern messianic cults /

Bibliographic Details
Main Author: Lanternari, Vittorio
Format: Book
Language:English
Italian
Published: New York : Knopf, 1963.
Edition:[1st. American ed.].
Subjects:

MARC

Tag First Indicator Second Indicator Subfields
LEADER 00000cam a22000001 4500
001 in00000059822
005 20151008051021.0
008 790925r1963 nyu b 00000 eng
010 |a  62015568  
035 |a (OCoLC)00377201 
035 |9 AAG5051AM 
040 |a DLC  |c DLC  |d TXA  |d UtOrBLW 
041 1 |a eng  |a ita 
049 |a TXAM  |c [361105] 
050 0 0 |a BL85  |b .L363 1963 
082 0 |a 290 
092 |a 290  |b L296r 
100 1 |a Lanternari, Vittorio. 
240 1 0 |a Movimenti religiosi di liberta. English 
245 1 4 |a The religions of the oppressed ;  |b a study of modern messianic cults /  |c Translated from the Italian by Lisa Sergio. 
250 |a [1st. American ed.]. 
264 1 |a New York :  |b Knopf,  |c 1963. 
300 |a 343 pages ;  |c 22 cm. 
336 |a text  |b txt  |2 rdacontent 
337 |a unmediated  |b n  |2 rdamedia 
338 |a volume  |b nc  |2 rdacarrier 
500 |a Translation of Movimenti religiosi di liberta e di salvezza dei popoli oppressi. 
504 |a Includes bibliography. 
650 0 |a Nativistic movements. 
999 |a MARS 
999 f f |s f26665b1-1f0d-3b18-a006-f4801e9388df  |i 6ed0e3cb-ba50-3ecc-bece-93b6411b3eec  |t 0 
952 f f |p ric  |a Texas A&M University  |b Rellis Campus  |c Joint Library Facility  |d Remote Storage  |t 0  |e BL85 .L363 1963  |h Library of Congress classification  |i unmediated -- volume  |m A14800626586 
998 f f |a BL85 .L363 1963  |t 0  |l Remote Storage